000 00725nam a2200229ua 4500
003 CO-ViMGA
005 20230915234240.0
008 120717s2012 ck a gr 000 0 spa d
020 _a9789583040375
040 _aCO-ViMGA
_bspa
_cCO-ViMGA
043 _as-ck---
082 0 4 _a793.73
_221
_bJ82
245 0 0 _aJuegos con fósforos.
260 _aBogotá :
_bPanamericana Editorial,
_c2012.
300 _a132 p. :
_bil. ;
_c15 cm.
500 _aPublicado originalmente por Arcturus Publishing.
534 _pTítulo original :
_tMatchstick puzzles.
650 1 4 _aJuegos de estrategia (Matemáticas)
_96941
650 1 4 _aLógica
_v Problemas, ejercicios, etc.
_96942
650 1 4 _aRompecabezas.
_92918
942 _2ddc
_cBK
999 _c37626
_d37626